Normal view
MARC view
- Nigeria
Entry Geographic Name
001 - CONTROL NUMBER
- control field: 14117
003 - CONTROL NUMBER IDENTIFIER
- control field: OSt
005 - DATE AND TIME OF LATEST TRANSACTION
- control field: 20110201115951.0
008 - FIXED-LENGTH DATA ELEMENTS
- fixed length control field: 110201|||a|||||| | ||| d
040 ## - CATALOGING SOURCE
- Original cataloging agency: OSt
- Transcribing agency: OSt
151 ## - HEADING--GEOGRAPHIC NAME
- Geographic name: Nigeria
- Form subdivision: Fiction.
670 ## - SOURCE DATA FOUND
- Source citation: Work cat.: (OSt)0: Achebe, Chinua., Girls at war and other stories /, 1991.
670 ## - SOURCE DATA FOUND
- Source citation: Work cat.: (OSt)0: Achebe, Chinua., Girls at war and other stories /, 1991.
